Statistics for Villes

Click here to take the quiz!

General Stats

  • This quiz has been taken 15 times
  • The average score is 9 of 45

Answer Stats

ClueCity% Correct
RealTennesseeNashville
85%
RealKentuckyLouisville
69%
RealFloridaJacksonville
54%
RealGabonLibreville
54%
FictionSupermanSmallville
46%
FictionGrinchWhoville
46%
RealRepublic of CongoBrazzaville
38%
RealSouth CarolinaGreenville
38%
RealSpainSeville
38%
RealVirginiaCharlottesville
31%
RealArkansasFayetteville
31%
RealTennesseeKnoxville
31%
RealIllinoisNaperville
31%
FictionSimpsonsShelbyville
31%
FictionPowerpuff GirlsTownsville
31%
RealTexasBrownsville
23%
RealTennesseeClarksville
23%
RealFloridaGainesville
23%
RealAlabamaHuntsville
23%
RealMarylandRockville
23%
RealArkansasBentonville
15%
RealIndianaEvansville
15%
RealNorth CarolinaThomasville
15%
RealCaliforniaVacaville
15%
RealCaliforniaVictorville
15%
RealOhioZanesville
15%
RealMinnesotaAlbertville
8%
RealNorth CarolinaAsheville
8%
RealVirginiaDanville
8%
FictionGreen AcresHooterville
8%
RealWisconsinJanesville
8%
RealOregonMcMinnville
8%
FictionEquestriaPonyville
8%
FictionJimmy NeutronRetroville
8%
RealCaliforniaRoseville
8%
RealNorth CarolinaStatesville
8%
RealMaineWaterville
8%
FictionBob's BurgersBobsville
0%
FictionScooby DooCoolsville
0%
RealKentuckyEddyville
0%
RealMassachusettsPlainville
0%
RealNew YorkPleasantville
0%
RealGeorgiaSnellville
0%
RealMassachusettsSomerville
0%
FictionBratzStylesville
0%

Score Distribution

Percentile by Number Answered

Percent of People with Each Score

Your Score History

You have not taken this quiz